00740nam a2200205Ia 45000010006000000050017000060080041000230200018000640400013000820820017000951000045001122450064001572600061002213000011002825460007002939420007003009990017003079520109003249520101004332263820241114112410.0140409s9999 xx 000 0 und d a969-503-075-0 cPK-LaUMT a297.4bMUM-T aMumtaz Mufti = ممتاز مفتی93331 aTalaash = تلاش /cby Mumtaz Mufti = ممتاز مفتی aLahore,Pakistan:bAl-Faisal Publisher and Traders,c2001 a278 p. aEN cBK c22881d22881 00104070a01b01d2014-04-09l11o 297.4 MUM-Tp25396r2021-11-25 00:00:00s2020-03-03w2014-04-23yBK 00104070a01b01d2024-11-14l0o297.4 MUM-Tp147930r2024-11-14 11:25:10tC.2w2024-11-14yBK